| 000 | 00949nam a2200337 a 4500 | ||
|---|---|---|---|
| 003 | AR-BaBNM | ||
| 005 | 20251128203756.0 | ||
| 008 | 082120s2002 ||||||||||||||000 | spa|| | ||
| 040 | _cAR-BaBNM | ||
| 100 | 1 | _aGabrielsen, M. Alexander | |
| 245 | 0 | 0 | _aEducación al aire libre |
| 250 | _a1ª ed. | ||
| 260 |
_aBuenos Aires _bTroquel _c1971 |
||
| 300 | _a152 p. | ||
| 490 | 0 | _aBiblioteca de la nueva educación | |
| 500 | _aApéndice p. 141-144 | ||
| 500 | _aGlosario p. 145-149 | ||
| 504 | _aBibliografía p. 137-140 | ||
| 650 | 4 | _aACTIVIDADES AL AIRE LIBRE | |
| 650 | 4 | _aACTIVIDADES DE APRENDIZAJE | |
| 650 | 4 | _aMETODO GLOBAL | |
| 650 | 4 | _aPROGRAMAS RECREATIVOS | |
| 650 | 4 | _aOCIO | |
| 653 | _aPROCESO DE ENSEÑANZA-APRENDIZAJE | ||
| 653 | _aCAMPAMENTOS EDUCATIVOS | ||
| 700 | 1 | _aHoltzer, Charles | |
| 700 | 1 |
_aNash, Jay B. _eprologuista |
|
| 700 | 1 |
_aBurejson, Aurelia R. de _etraductor |
|
| 942 | _cBK | ||
| 998 | _cCarmen | ||
| 999 |
_c4893 _d4893 |
||